| 000 | 00636cam a2200169 4500 | ||
|---|---|---|---|
| 082 |
_a623.45119 _bROB _cL-7, P-6 |
||
| 100 | 1 |
_aRobertson, John Kellock, _942225 |
|
| 245 | 1 | 0 |
_aAtomic artillery and the atomic bomb _c[by] John Kellock Robertson, F.R.S.C. |
| 260 |
_aNew York, _bD. Van Nostrand Company, inc. _c[1945] |
||
| 300 |
_axii p., 1 l., 173 p. _billus., VIII (i.e. 9) pl., diagrs. _c20 cm. |
||
| 500 | _a"A revision of the author's Atomic artillery published in l937."--Pref. | ||
| 526 |
_a0 _b0 _c0 _d623_451190000000000_ROB |
||
| 650 | 0 |
_aAtomic bomb. _937015 |
|
| 650 | 0 |
_aAtoms. _910462 |
|
| 650 | 0 |
_aMCE _9379 |
|
| 942 |
_2ddc _cBK |
||
| 999 |
_c546148 _d546148 |
||